000
00326 a2200109 4500
001
ART_40013
005
20260410161841.0
008
260409a
245
1
0
_a
El control judicial de las declaraciones de emergencia
100
1
_a
Padilla, Miguel M.
773
0
_t
RAP
_g
- Año 24, Nº 283 (abr. 2002)
_w
REV5941
999
_c
24133
_d
24133